000
00219nam a22000857a 4500
008
160924b xxu||||| |||| 00| 0 eng d
100
_9
737
_a
Sri.K.
245
_a
English Grammar
260
_a
New Delhi
_b
J.B.I. Publications
_c
2011
999
_c
3394
_d
3394